:كيف تتخلص من القلق وتبدأ حياتك (Record no. 15315)
[ view plain ]
| 000 -الفاتح | |
|---|---|
| حقل البيانات ثابتة الطول | 01005nam a22001937a 4500 |
| 008 - عناصر البيانات ثابتة الطول - معلومات عامة | |
| حقل البيانات ثابتة الطول | 110518s2010 su|||||r|||| 000 0 ara d |
| 020 ## - الرقم الدولى المعيارى للكتب | |
| الرقم الدولى المعيارى للكتاب | 6281072012755 |
| 082 ## - رقم تصنيف ديوى العشرى | |
| رقم الطبعة | 22 |
| رقم التصنيف | 157.33 |
| رقم المادة | ك ا ر |
| 100 ## - المدخل الرئيسى - إسم شخصى | |
| 9 (RLIN) | 23911 |
| الإسم الشخصى | كارنيجي، ديل |
| 245 ## - بيان العنوان | |
| العنوان | :كيف تتخلص من القلق وتبدأ حياتك |
| بقية العنوان | طرق مجربة للتغلب على القلق / |
| بيان المسئوليه,etc | ترجمة مكتبة جرير؛ ديل كارنيجي |
| 260 ## - PUBLICATION, DISTRIBUTION, ETC. (IMPRINT) | |
| مكان الناشر او الموزع | الرياض : |
| اسم الناشر او الموزع | مكتبة جرير، 2010 |
| تاريخ النشر أو التوزيع | 2010 |
| 300 ## - الوصف المادى | |
| التعداد | 508 ص ؛ |
| أبعاد الوعاء | 19 سم |
| 500 ## - تبصرة عامة | |
| تبصرة عامة | ترجمة لكتاب: How to Stop Worrying and Start Living : Time-Tested Methods for Conquering Worry / Dale Carnegie |
| 650 ## - المدخل الاضافى بالموضوع-مصطلح موضوعى | |
| 9 (RLIN) | 23912 |
| مصطلح موضوعي أو اسم جغرافي كعنصر مدخل | القلق الاجتماعي |
| 653 ## - مصطلح تكشيفى غير مقيد | |
| Resource For college | |
| Arrived date list | May2011 |
| BestSellers | Best Sellers |
| 710 ## - المدخل الاضافى - اسم هيئه | |
| 9 (RLIN) | 23926 |
| اسم الهيئة أو اسم السلطة كمدخل | مكتبة جرير |
| 942 ## - عناصر المدخل الإضافي( كوها) | |
| مصدر التصنيف او مخطط الترفيف | Dewey Decimal Classification |
| Koha [default] item type | Book - Borrowing |
| حالة التراجع | حالة الفقد | مصدر التصنيف او خطة الترفيف | حالة تلف | ليس للاعارة | مجموعات كوها | المكان الدائم | المكان الحالي | موقع الترفيف | تاريخ الاكتساب | Source of acquisition | سعر الشراء الطبيعي | تعداد مسلسل / التسلسل الزمني | رقم الاستدعاء | الباركود | Date last seen | مُعار | نوع الوعاء |
|---|---|---|---|---|---|---|---|---|---|---|---|---|---|---|---|---|---|
| Dewey Decimal Classification | Diwan | Central Library | Central Library | Lower Floor | 18/05/2011 | 62.00 | 124070 | 157.33 ك ا ر | 000023596 | 15/07/2025 | 16/12/2023 | Book - Borrowing |